000 01085cam a2200337Ia 4500
001 10096701
003 ARRUPE
005 20160425093544.0
008 121001s2012 rh b 000 0 eng d
020 _a0797447326
020 _a9780797447325
024 _a99951196382
035 _a(OCoLC)ocn811591289
035 _a(OCoLC)811591289
035 _a(NNC)10096701
040 _aYDXCP
_cYDXCP
_dNUI
050 4 _aPL8014.Z55
_bC45 2012
100 1 _aChiwome, Emmanuel.
_924081
245 1 0 _aZimbabwean literature in African languages :
_bcrossing language boundaries /
_cEmmanuel M. Chiwome and Zifikile Mguni.
260 _aGweru, Zimbabwe :
_bBooklove Publishers,
_c2012.
300 _a311 p.;
_c22 cm.
504 _aIncludes bibliographical references (p. 302-311).
650 0 _aZimbabwean literature.
_924082
650 0 _aNdebele literature (Zimbabwe)
_924083
650 0 _aShona literature.
_924084
700 1 _aMguni, Zifikile.
_924085
942 _2lcc
_cMONOGRAPH
948 1 _a20130108
_bc
_cdk2679
_dMPS
948 2 _a20140109
_ba
_cas2107
_dMPS
999 _c124699
_d124699